00634nam a2200193Ia 4500003000900000008004100009040001600050080001200066100002900078245008500107260005000192300001000242650001800252650004100270650001900311942000700330999001500337952008800352IN-BaIIA211028s9999 xx 000 0 eng d cIIA Library a52bFRI aFriedman, Hernert910304 4aThe Amazing UniversecHernert Friedman  aWashingtonbNational Geographic Societyc1975 a199p. aAstronomy980 aAstronomy and Astrophysics Thesaurus aUniverse91987 cBK c5942d5942 00104070aBANbKAVcGENd1978-09-11l0o52/ FRIp6638r2021-11-05w1978-09-11yBK